| 000 | 00614nam a2200157 a 4500 | ||
|---|---|---|---|
| 008 | 120416s1963 ||||||||||||||||| || u | ||
| 050 | _aHQ 796 Fle | ||
| 100 | _aFleming, Charlotte Mery | ||
| 245 | 1 | 0 | _aAdolescence |
| 246 | _aits social psychology with an introduction to recent findings from the fields of anthropology, physi | ||
| 250 | _a2nd ed. | ||
| 260 |
_aLondon _bRoutledge and Kegan Paul _c1963 |
||
| 300 | _avii, 264p. : ill. | ||
| 350 | _a0.00 | ||
| 995 |
_D0.00 _FCBU-MAIN LIBRARY (Kitwe) _H1 _I0.00 _M1 _UAVAILABLE _ZAnnex Low-Usage Collection |
||
| 999 |
_c33503 _d33503 |
||